000
00283nam a2200109Ia 4500
008
220216s9999 xx 000 0 und d
245
0
_a
Rubber flooring - the strong, silent type
260
_b
Rubber Developments
_c
1969
300
_a
100-104
650
_a
Rubber flooring
942
_c
JS
999
_c
67590
_d
67590